000 02308nam a22004697a 4500
005 20191224042331.0
008 170818b2016 ck ||||| |||| 00| 0 spa d
020 _a9789587759006
040 _aCO-BoIAVH
_cCO-BoIAVH
041 _aspa
044 _ack
082 _a333.716
_bA77g
100 1 _aArroyo Sánchez, Sandy B.
_eautora
245 1 0 _aGuía ilustrada del proyecto Hidroeléctrico Ituango- Antioquia
_bVol II.Fauna /
260 _aBogotá:
_bUniversidad Nacional de Colombia, Facultad de Ciencias, Instituto de Ciencias Naturales
_c2016.
300 _a165. páginas
_bfotografías a color, mapas, ilustraciones
_c23 x 18
490 _aSerie guías de campo del Instituto de Ciencias Naturales, Universidad Nacional de Colombia
_v18
650 1 4 _aFauna
_xDescripción
_zItuango Antioquia (Colombia)
650 1 4 _aAspectos ambientales
_xEcología animal
_zItuango Antioquia (Colombia)
650 1 4 _aCentrales Hidroeléctricas
_xFauna
_xConservación
_zItuango Antioquia (Colombia)
650 1 4 _aDiversidad biológica
_xInventarios
_zItuango Antioquia (Colombia)
650 1 4 _aSostenibilidad ambiental
650 1 4 _aDistribución geográfica
_xRecursos naturales
_zItuango Antioquia (Colombia)
650 1 4 _aAnfibios
_xDescripción
_zItuango Antioquia (Colombia)
650 1 4 _aReptiles
_xDescripción
650 1 4 _aAves
_xDescripción
_zItuango Antioquia (Colombia)
650 1 4 _aMamiferos
_xDescripción
_zItuango Antioquia (Colombia)
700 _aBernal González, Vladimir Andrés
_eautor
700 _aQuiñones Betancur, Esteban
_eautor
700 _aRivas, Jose Viloria
_eautor
700 _aLoaiza Gómez, Camilo
_eautor
700 _aMendoza Polo, Irina Margarita
_eautora
700 _aLiévano Latorre, Luisa Fernanda
_eautora
700 _aBonilla González, Juan Camilo
_eautor
700 _aRodriguez Ortiz, Elkin Luis
_eautor
700 _aMontenegro Diaz, Olga Lucia
_eautor
700 _aMorales Martínez, Darwin Manuel
_eautor
700 _aPrieto Cruz, Adriana
_eeditora
700 _aRodriguez Ortiz, Juliana
_eeditora
700 _aAguirre Ceballos, Jaime
_d1951-
_eeditor
942 _2ddc
_cLIBRO
999 _c19747
_d19747